|
|
|
|
| LEADER |
00000nam a2200000 i 4500 |
| 001 |
ELB45441 |
| 003 |
FlNmELB |
| 006 |
m o d | |
| 007 |
cr cnu|||||||| |
| 008 |
150423s2014 sp o 001 0 spa d |
| 020 |
|
|
|z 9788420669229
|
| 020 |
|
|
|a 9788420689098 (e-book)
|
| 035 |
|
|
|a (MiAaPQ)EBC3228691
|
| 035 |
|
|
|a (Au-PeEL)EBL3228691
|
| 035 |
|
|
|a (CaPaEBR)ebr11038780
|
| 035 |
|
|
|a (OCoLC)992115490
|
| 040 |
|
|
|a FINmELB
|b spa
|e rda
|c FINmELB
|
| 050 |
|
4 |
|a D208
|b H673 2014
|
| 080 |
|
|
|a 94
|
| 080 |
|
|
|a 930.9
|
| 082 |
0 |
|
|a 909.08
|2 23
|
| 245 |
0 |
0 |
|a Historia contemporánea universal :
|b del surgimiento del estado contemporáneo a la Primera Guerra Mundial /
|c Ángeles Lario (coord.).
|
| 264 |
|
1 |
|a Madrid :
|b Larousse - Alianza Editorial,
|c [2014]
|
| 300 |
|
|
|a 1 recurso en línea (365 páginas)
|
| 336 |
|
|
|a texto
|b txt
|2 rdacontent/spa
|
| 337 |
|
|
|a computadora
|b c
|2 rdamedia/spa
|
| 338 |
|
|
|a recurso en línea
|b cr
|2 rdacarrier/spa
|
| 500 |
|
|
|a Contiene índice.
|
| 588 |
|
|
|a Descripción basada en recurso en línea; Título de la página del título en PDF (e-libro, visto April 23, 2015).
|
| 590 |
|
|
|a Recurso electrónico. Santa Fe, Arg.: e-libro, 2015. Disponible vía World Wide Web. El acceso puede estar limitado para las bibliotecas afiliadas a e-libro.
|
| 650 |
|
0 |
|a History, Modern
|z Europe.
|
| 650 |
|
4 |
|a Historia contemporánea
|z Europa.
|
| 650 |
|
0 |
|a World War
|y 1914-1918.
|
| 650 |
|
4 |
|a Guerra mundial
|y 1914-1918.
|
| 655 |
|
4 |
|a Libros electrónicos.
|
| 700 |
1 |
|
|a Lario, Ángeles,
|e coordinadora.
|
| 797 |
2 |
|
|a e-libro, Corp.
|
| 856 |
4 |
0 |
|u https://elibro.uam.elogim.com/ereader/bidiuam/45441
|z Texto completo
|